| 000 | 00969nam a2200169 a 4500 | ||
|---|---|---|---|
| 008 | 081119s1973 ||||||||||||||||| || u | ||
| 050 | _aGOV.ZAM(02)1973/3A | ||
| 100 | _aKaunda, Kenneth, Pres. Zambia (1964-1991) | ||
| 245 | 1 | 4 | _aThe leadership code and responsibilities of the leadership in the creation of a new social order: address by His Ecellency the President Dr. K. D. Kaunda to the National Council on 2nd december, 1972 |
| 260 |
_aLusaka: _bZambia Information Services _c1973 |
||
| 300 | _a64p. | ||
| 350 | _a0.00 | ||
| 650 | _aPRESIDENTS--ZAMBIA--ADDRESSES, ESSAYS, LECTURES | ||
| 710 | _aGovernment of the Republic of Zambia | ||
| 995 |
_aSPECIAL COLLECTIONS _D0.00 _e03003167 _FCBU-MAIN LIBRARY (Kitwe) _H1 _I0.00 _jGOV.ZAM(02)1973/ 3A _M1 _UAVAILABLE _WNov 19, 2008 _y03003167 _ZZambiana Collection |
||
| 995 |
_aSPECIAL COLLECTIONS _D0.00 _e03003168 _FCBU-MAIN LIBRARY (Kitwe) _H1 _I0.00 _jGOV.ZAM(02)1973/ 3B _M2 _UAVAILABLE _WNov 19, 2008 _y03003168 _ZZambiana Collection |
||
| 999 |
_c80643 _d80643 |
||